Aufwind im Westen Mittel-, Ost- und Südosteuropas: Wichtige Wachstumsimpulse für Österreich (Record no. 8586)
[ view plain ]
| 000 -LEADER | |
|---|---|
| fixed length control field | 03967nam a22006257u 4500 |
| 001 - CONTROL NUMBER | |
| control field | pwiiw3624 |
| 003 - CONTROL NUMBER IDENTIFIER | |
| control field | OSt |
| 005 - DATE AND TIME OF LATEST TRANSACTION | |
| control field | 20260517120239.0 |
| 008 - FIXED-LENGTH DATA ELEMENTS--GENERAL INFORMATION | |
| fixed length control field | 150702t2015 au ||||| |||||||| ||ger d |
| 040 ## - CATALOGING SOURCE | |
| Transcribing agency | OSt |
| 041 ## - LANGUAGE CODE | |
| Language code of text/sound track or separate title | ger |
| 084 ## - OTHER CLASSIFICATION NUMBER | |
| Classification number | E20 |
| -- | F34 |
| -- | G01 |
| -- | O52 |
| -- | O57 |
| -- | P24 |
| -- | P27 |
| -- | P33 |
| -- | P52 |
| Number source | jelc |
| 100 1# - MAIN ENTRY--PERSONAL NAME | |
| Personal name | Holzner, Mario |
| 245 10 - TITLE STATEMENT | |
| Title | Aufwind im Westen Mittel-, Ost- und Südosteuropas: Wichtige Wachstumsimpulse für Österreich |
| 260 ## - PUBLICATION, DISTRIBUTION, ETC. | |
| Place of publication, distribution, etc. | Wien : |
| Name of publisher, distributor, etc. | Wiener Institut für Internationale Wirtschaftsvergleiche (wiiw), |
| Date of publication, distribution, etc. | 2015. |
| 300 ## - PHYSICAL DESCRIPTION | |
| Extent | 75 S., |
| Other physical details | 95 Tables and 18 Figures, |
| Dimensions | 30cm. |
| 490 1# - SERIES STATEMENT | |
| Series statement | wiiw Research Reports in German Language |
| Volume/sequential designation | 1 |
| 520 ## - SUMMARY, ETC. | |
| Summary, etc. | Zusammenfassung<br/><br/>Aufwind im Westen der MOSOEL<br/><br/>In den mittel-, ost- und südosteuropäischen Ländern (MOSOEL) klafft der Ausblick für das Wirtschaftswachstum auch weiterhin auseinander: für die meisten der neuen EU-Mitgliedstaaten (NMS) wird eine langsame Beschleunigung des BIP-Wachstums beginnend mit diesem Jahr erwartet. Für 2015 soll das Wachstum durchschnittlich auf 3% ansteigen, um 0,2 Prozentpunkte mehr als im Vorjahr. Die Erholung erfolgt um ein Jahr früher als erwartet. Wesentlicher Faktor ist die bessere Entwicklung in der Eurozone. Auch am Westbalkan wird eine (wenn auch weniger dynamische) Verbesserung der Wachstumsaussichten für die gesamte Prognoseperiode 2015-2017 erwartet. Die wirtschaftliche Entwicklung 2015 in Weißrussland, Kasachstan, Russland und der Ukraine wird düster ausfallen und zum Teil noch schlechter sein als bisher erwartet. Für diese Länder sind die mittelfristigen Wirtschaftsaussichten auch mit substantiellen Risiken behaftet. Insgesamt sollte aber das verstärkte Wachstum in den MOSOEL für die österreichische Wirtschaft als Nachfrageimpuls dienen. Insbesondere die NMS sind für Österreich von zunehmender Bedeutung.<br/><br/> <br/><br/>English Summary<br/><br/>Western CESEE countries in the ascendant<br/><br/>The outlook for GDP growth in the Central, East and Southeast Europe (CESEE) region remains divergent: we expect a gradual acceleration of GDP growth for most of the EU’s new Member States (NMS) starting this year. For 2015 growth is expected to increase to 3% on average, by 0.2 pp more as compared to last year. The recovery comes a year earlier than expected mainly based on favourable developments in the euro area. In the Western Balkans growth prospects will also improve over the whole forecast period 2015-2017, though slightly less dynamically. Growth performance in Belarus, Kazakhstan, Russia and Ukraine in 2015, however, will be dismal and partly worse than expected; the medium-term outlook for these countries is also fairly uncertain with considerable downside risks. Overall though, we should expect stronger CESEE growth to act as a demand stimulus for the Austrian economy. The NMS in particular are of increasing importance for Austria.<br/> |
| 650 ## - SUBJECT ADDED ENTRY--TOPICAL TERM | |
| Topical term or geographic name entry element | macroeconomic analysis |
| 650 ## - SUBJECT ADDED ENTRY--TOPICAL TERM | |
| Topical term or geographic name entry element | international trade |
| 650 ## - SUBJECT ADDED ENTRY--TOPICAL TERM | |
| Topical term or geographic name entry element | competitiveness |
| 650 ## - SUBJECT ADDED ENTRY--TOPICAL TERM | |
| Topical term or geographic name entry element | consumption |
| 650 ## - SUBJECT ADDED ENTRY--TOPICAL TERM | |
| Topical term or geographic name entry element | investment |
| 650 ## - SUBJECT ADDED ENTRY--TOPICAL TERM | |
| Topical term or geographic name entry element | savings |
| 650 ## - SUBJECT ADDED ENTRY--TOPICAL TERM | |
| Topical term or geographic name entry element | global financial crisis |
| 651 ## - SUBJECT ADDED ENTRY--GEOGRAPHIC NAME | |
| Geographic name | Albania |
| 651 ## - SUBJECT ADDED ENTRY--GEOGRAPHIC NAME | |
| Geographic name | Belarus |
| 651 ## - SUBJECT ADDED ENTRY--GEOGRAPHIC NAME | |
| Geographic name | Bosnia and Herzegovina |
| 651 ## - SUBJECT ADDED ENTRY--GEOGRAPHIC NAME | |
| Geographic name | Bulgaria |
| 651 ## - SUBJECT ADDED ENTRY--GEOGRAPHIC NAME | |
| Geographic name | Croatia |
| 651 ## - SUBJECT ADDED ENTRY--GEOGRAPHIC NAME | |
| Geographic name | Czechia |
| 651 ## - SUBJECT ADDED ENTRY--GEOGRAPHIC NAME | |
| Geographic name | Estonia |
| 651 ## - SUBJECT ADDED ENTRY--GEOGRAPHIC NAME | |
| Geographic name | Hungary |
| 651 ## - SUBJECT ADDED ENTRY--GEOGRAPHIC NAME | |
| Geographic name | Kazakhstan |
| 651 ## - SUBJECT ADDED ENTRY--GEOGRAPHIC NAME | |
| Geographic name | Kosovo |
| 651 ## - SUBJECT ADDED ENTRY--GEOGRAPHIC NAME | |
| Geographic name | Latvia |
| 651 ## - SUBJECT ADDED ENTRY--GEOGRAPHIC NAME | |
| Geographic name | Lithuania |
| 651 ## - SUBJECT ADDED ENTRY--GEOGRAPHIC NAME | |
| Geographic name | North Macedonia |
| 651 ## - SUBJECT ADDED ENTRY--GEOGRAPHIC NAME | |
| Geographic name | Montenegro |
| 651 ## - SUBJECT ADDED ENTRY--GEOGRAPHIC NAME | |
| Geographic name | Poland |
| 651 ## - SUBJECT ADDED ENTRY--GEOGRAPHIC NAME | |
| Geographic name | Romania |
| 651 ## - SUBJECT ADDED ENTRY--GEOGRAPHIC NAME | |
| Geographic name | Russia |
| 651 ## - SUBJECT ADDED ENTRY--GEOGRAPHIC NAME | |
| Geographic name | Serbia |
| 651 ## - SUBJECT ADDED ENTRY--GEOGRAPHIC NAME | |
| Geographic name | Slovakia |
| 651 ## - SUBJECT ADDED ENTRY--GEOGRAPHIC NAME | |
| Geographic name | Slovenia |
| 651 ## - SUBJECT ADDED ENTRY--GEOGRAPHIC NAME | |
| Geographic name | Turkey |
| 651 ## - SUBJECT ADDED ENTRY--GEOGRAPHIC NAME | |
| Geographic name | Ukraine |
| 651 ## - SUBJECT ADDED ENTRY--GEOGRAPHIC NAME | |
| Geographic name | Austria |
| 690 ## - LOCAL SUBJECT ADDED ENTRY--TOPICAL TERM (OCLC, RLIN) | |
| Topical term or geographic name as entry element | Macroeconomic Analysis and Policy |
| 690 ## - LOCAL SUBJECT ADDED ENTRY--TOPICAL TERM (OCLC, RLIN) | |
| Topical term or geographic name as entry element | Labour, Migration and Income Distribution |
| 690 ## - LOCAL SUBJECT ADDED ENTRY--TOPICAL TERM (OCLC, RLIN) | |
| Topical term or geographic name as entry element | International Trade, Competitiveness and FDI |
| 830 #0 - SERIES ADDED ENTRY--UNIFORM TITLE | |
| Volume/sequential designation | 1 |
| Bibliographic record control number | WIIW0000108 |
| Title of a work | wiiw Research Reports in German Language |
| 856 40 - ELECTRONIC LOCATION AND ACCESS | |
| Uniform Resource Identifier | <a href="https://wiiw.ac.at/p-3624.html">https://wiiw.ac.at/p-3624.html</a> |
| 942 ## - ADDED ENTRY ELEMENTS (KOHA) | |
| Koha item type | Paper |
| Withdrawn status | Lost status | Damaged status | Not for loan | Home library | Current library | Shelving location | Date acquired | Inventory number | Total Checkouts | Barcode | Date last seen | Price effective from | Koha item type |
|---|---|---|---|---|---|---|---|---|---|---|---|---|---|
| WIIW | WIIW | Library | 07/02/2015 | pwiiw3624 | 1000010003624 | 07/02/2015 | 11/21/2018 | Paper |
